000 00306nam a2200133Ia 4500
005 20251222155153.0
008 251222s9999||||xx |||||||||||||| ||spa||
082 _aESC. 58
100 _aO.P.S.
245 0 _aPrevención de Accidentes y Lesiones
250 _a1ra. ed.
264 _bOPS/OMS
942 _cLIB
999 _c39631
_d39631